Catálogo
 En Linea

Ciencia & educación. (Registro nro. 46238)

Detalles MARC
000 -CABECERA
campo de control de longitud fija 00244nas a2200109 a 4500
001 - NÚMERO DE CONTROL
campo de control 000046749
005 - FECHA Y HORA DE LA ÚLTIMA TRANSACCIÓN
campo de control 20201002053108.0
008 - DATOS DE LONGITUD FIJA--INFORMACIÓN GENERAL
campo de control de longitud fija 180321s2017 000 spa d
040 ## - FUENTE DE LA CATALOGACIÓN
Centro catalogador/agencia de origen DO-SdBNP
245 #0 - MENCIÓN DE TÍTULO
Título Ciencia & educación.
260 ## - PUBLICACIÓN, DISTRIBUCIÓN, ETC.
Fecha de publicación, distribución, etc. 2017.

No hay ítems disponibles.

Con tecnología Koha